000 01050nam a2200241Ia 4500
003 OSt
005 20210713172725.0
008 210310q2003 ck a gr 000 0 spa d
020 _a9589727646
040 _aCO-JMCR
_cCO-JMCR
041 0 _aspa
082 0 4 _a334 /
_bA837e
_223
110 2 _aAsociación Colombiana de Cooperativas-ASCOOP
_938432
245 1 0 _aElementos para el desarrollo eficaz de los fondos de empleados /
_cAsociación Colombiana de Cooperativas
260 _aBogotá :
_bEditora Guadalupe,
_c2003
300 _a87 páginas :
_bilustraciones y gráficas a blanco y negro ;
_c17 x 23 cm.
504 _aBibliografía: página 87
505 0 _aEl ser humano y su realización -- El ser humano y la sociedad -- El sector solidario y sus modelos socioeconómicos -- Los fondos de empleados -- Herramientas de gestión socioempresarial
650 1 4 _aCooperativismo
_916184
_xEnseñanza
650 2 4 _aAdministración de cooperativas
_xEnseñanza
_938433
650 2 4 _aAsociación Colombiana de Cooperativas
_938434
942 _2ddc
_cBK
999 _c8047
_d8047